Edmonton Oilers Captains - Statistics

General Stats
  • This quiz has been taken 249 times
  • The average score is 7 of 15
Answer Stats
Years Answer % Correct
2017-Current Connor McDavid
96%
1984-88 Wayne Gretzky
96%
1989-91 Mark Messier
90%
2002-07 Jason Smith
53%
1992 Kevin Lowe
48%
2000-01 Doug Weight
47%
2011-13 Shawn Horcoff
40%
2014-15 Andrew Ference
38%
1993-94 Craig MacTavish
36%
1996-99 Kelly Buchberger
31%
2008-10 Ethan Moreau
28%
1981-83 Lee Fogolin
26%
1995 Shayne Corson
19%
1981 Blair MacDonald
15%
1980 Ron Chipperfield
12%
No matching quizzes found
Score Distribution
Percent of People with Each Score
Percentile by Number Answered
Your Score History
You have not taken this quiz